000 00269nam a22001217a 4500
008 180109b xxu||||| |||| 00| 0 eng d
041 _aeng
080 _a33
100 _a52
101 _aEKO
245 _aEXPECATIONS: THEORY AND EVIDENCE
_cHOLDEN,K
942 _2udc
_cBK
999 _c39889
_d39889